The Second Circle = Krug vtoroy /

Furkejuvvon:
Bibliográfalaš dieđut
Váldodahkki: Sokurov, Aleksandr (realización)
Eará dahkkit: Aleksandrov, Pyotr (actuación) (actuación), Rodnova, Nadezhda (actuación) (actuación), Timofeyeva, Tamara (actuación) (actuación)
Materiálatiipa: Dia
Giella:ruoššagiella
Almmustuhtton: Nueva York, EUA : Kino International Corporation [distribución], 2006, c2006
Fáttát:
Fáddágilkorat: Lasit fáddágilkoriid
Eai fáddágilkorat, Lasit vuosttaš fáddágilkora!

MARC

LEADER 00000ngm^a2200000^a^4500
001 000288904
005 20250521000000.0
009 20260310111922.076
037 |a Acervo ITESO - Biblioteca 
041 |a RUS 
082 |a 891. 7  |b SOK 
100 |a Sokurov, Aleksandr  |e (realización) 
245 1 4 |a The Second Circle =  |b Krug vtoroy /  |c Realización de A. Sokurov. 
264 4 |a Nueva York, EUA :  |b Kino International Corporation [distribución],  |c 2006, c2006 
300 |a 1 DVD sin dato de región  |c (85 min.) 
336 |a imagen móvil bidimensional  |b tdi  |2 rdacontenido 
337 |a video  |b v  |2 rdamedio 
338 |a videodisco  |b vd  |2 rdasoporte 
546 |a En ruso, con subtítulos opcionales: inglés 
649 |a XX 
650 |a Dramas Cinematográficos 
650 |a Cine Ruso -  |y 1990-1999 
650 |a Cine Ruso -  |y Siglo XX 
650 |a Duelo 
650 |a Muerte (En Religión, Folklore, etc.) 
700 |a Aleksandrov, Pyotr  |e (actuación) 
700 |a Rodnova, Nadezhda  |e (actuación) 
700 |a Timofeyeva, Tamara  |e (actuación) 
910 |a Fondo General 
920 |a Audiovisuales - DVDs 
940 |a Películas 
905 |a 302 
901 |a 0500175111  |b IT2  |c DVS  |u 20250521 
902 |a https://opac.biblio.iteso.mx/vufind/Record/000288904